<?xml version="1.0" encoding="UTF-8"?>
<record
    xmlns:xsi="http://www.w3.org/2001/XMLSchema-instance"
    xsi:schemaLocation="http://www.loc.gov/MARC21/slim http://www.loc.gov/standards/marcxml/schema/MARC21slim.xsd"
    xmlns="http://www.loc.gov/MARC21/slim">

  <leader>00567nam a22001817a 4500</leader>
  <controlfield tag="005">20231003113020.0</controlfield>
  <controlfield tag="008">231003b        |||||||| |||| 00| 0 eng d</controlfield>
  <datafield tag="041" ind1=" " ind2=" ">
    <subfield code="a">MAR.</subfield>
  </datafield>
  <datafield tag="082" ind1=" " ind2=" ">
    <subfield code="a">891.46</subfield>
    <subfield code="b">KAR.</subfield>
  </datafield>
  <datafield tag="100" ind1=" " ind2=" ">
    <subfield code="a">Karve K.</subfield>
    <subfield code="9">204470</subfield>
  </datafield>
  <datafield tag="245" ind1=" " ind2=" ">
    <subfield code="a">Hingnyachya Malranavar</subfield>
  </datafield>
  <datafield tag="250" ind1=" " ind2=" ">
    <subfield code="a">3 Ed.</subfield>
  </datafield>
  <datafield tag="260" ind1=" " ind2=" ">
    <subfield code="a">Pune</subfield>
    <subfield code="b">Sanvad Tredprints</subfield>
    <subfield code="c">2018</subfield>
  </datafield>
  <datafield tag="300" ind1=" " ind2=" ">
    <subfield code="a">150p</subfield>
    <subfield code="b">PB</subfield>
    <subfield code="c">21.5 x 14 cm</subfield>
  </datafield>
  <datafield tag="365" ind1=" " ind2=" ">
    <subfield code="a">INR</subfield>
    <subfield code="b">1.00</subfield>
    <subfield code="c">Rupaye</subfield>
  </datafield>
  <datafield tag="500" ind1=" " ind2=" ">
    <subfield code="a">1. Bij ni Tyacha Ankur.
2. Hingne Budruk
3. Suruvatiche Jivan
4. Vidyalay v Nishkam karmath
5. Santhechya Jivanachi Baithak
</subfield>
  </datafield>
  <datafield tag="942" ind1=" " ind2=" ">
    <subfield code="c">DB</subfield>
  </datafield>
  <datafield tag="999" ind1=" " ind2=" ">
    <subfield code="c">356312</subfield>
    <subfield code="d">356312</subfield>
  </datafield>
  <datafield tag="952" ind1=" " ind2=" ">
    <subfield code="0">0</subfield>
    <subfield code="1">0</subfield>
    <subfield code="2">ddc</subfield>
    <subfield code="4">0</subfield>
    <subfield code="7">0</subfield>
    <subfield code="a">BNCA</subfield>
    <subfield code="b">BNCA</subfield>
    <subfield code="d">2023-10-03</subfield>
    <subfield code="e">Donated Books</subfield>
    <subfield code="f">B.Arch.</subfield>
    <subfield code="g">1.00</subfield>
    <subfield code="i">00</subfield>
    <subfield code="l">0</subfield>
    <subfield code="o">891.46 KAR.</subfield>
    <subfield code="p">BNCA-DB-1970</subfield>
    <subfield code="r">2023-10-03 00:00:00</subfield>
    <subfield code="v">1.00</subfield>
    <subfield code="w">2023-10-03</subfield>
    <subfield code="y">DB</subfield>
  </datafield>
</record>
